000 00742nam a22002177a 4500
003 UA-OsUOA
001 131086
007 ta
008 20180521b un ||||| |||| 00| 0 ukr d
100 _aПилипенко О. І.
090 _a330
_bП32
942 _cSA
040 _aUA-OsUOA
_bukr
_cUA-OsUOA
_dUA-OsUOA
245 _aАудит системи управління людськими ресурсами як запорука реалізації концепції економічної безпеки підприємства
300 _aС.87-94
955 _a0
041 _aukr
080 _a330
773 0 _w131079
_tСтатистика України
_dК.
_d2017
_g4
650 7 _a330 Економіка взагалі
_2UDC
999 _c419333
_d419333